Statistics for Nicknames of Footballers

Click here to take the quiz!

General Stats

  • This quiz has been taken 27 times
  • The average score is 9 of 15

Answer Stats

HintAnswer% Correct
PenaldoCristiano Ronaldo
100%
Egyptian KingMohammed Salah
100%
Fat RonaldoRonaldo Nazario
100%
LewangoalskiRobert Lewandowski
95%
ChicharitoJavier Hernandez
81%
La PulgaLionel Messi
81%
The Special OneJose Mourinho
67%
El Pibe de OroDiego Maradona
48%
SlabheadHarry Maguire
48%
Ginger MagicianKevin de Bruyne
43%
Bald FraudPep Guardiola
33%
RaumdeuterThomas Muller
24%
God of ManchesterZlatan Ibrahimovic
24%
TecatitoJesus Manuel Corona
19%
GodRobbie Fowler
19%

Score Distribution

Percentile by Number Answered

Percent of People with Each Score

Your Score History

You have not taken this quiz